| 000 | 006410000a22002050004500 | ||
|---|---|---|---|
| 090 |
_aAR _b03616 |
||
| 245 | 1 | 0 | _aOperational RNA code for amino acids and possible relationship to genetic code |
| 650 | 1 | 4 |
_aAnálisis genético _975159 |
| 650 | 1 | 4 |
_aBiología molecular _993011 |
| 650 | 1 | 4 |
_aEvolución _992797 |
| 650 | 1 | 4 |
_aBiofísica _997323 |
| 650 | 1 | 4 |
_aBioquímica _993680 |
| 041 | 0 | _aInglés | |
| 700 | 1 |
_aGieget, Richard _997324 |
|
| 700 | 1 |
_aMorast, Dino _997325 |
|
| 700 | 1 |
_aYokoyamat, Shigeyuki _997326 |
|
| 100 | 1 |
_aSchimmel, Paul _997327 |
|
| 942 | _cARTICULO | ||
| 773 | 1 |
_tProceedings Natl. Acad. Sci. USA _q8763-8768 _d1993 _g90 |
|
| 999 |
_c12664 _d12664 |
||